000 00668nam a2200193 i 4500
001 150620
003 ES-MaACL
005 20251017063106.0
007 t|
008 071031s1973 sp ||||1| spa d
100 0 _aValentín de la Cruz,
_cFray (O.C.D.)
_9112611
245 1 0 _aBurgos
_b: guía completa de las tierras del Cid /
_cpor Fray Valentín de la Cruz.
260 _a[Burgos] :
_bDiputación Provincial,
_c1973.
300 _a304 p. :
_bil. ;
_c26 cm.
651 4 _aBurgos (Provincia)-
_xDescripción.
_97904
710 1 _aBurgos (Provincia).
_bDiputación Provincial.
_92259
852 _aES-MaACL
_jC-54212
_bR.86942
999 _c150620
_d150620